|
|
|
|
| LEADER |
01089nam a2200289 a 4500 |
| 001 |
3767 |
| 003 |
BD-DhAAL |
| 005 |
20150614094929.0 |
| 008 |
150614s1994 nyua b 001 0 eng |
| 010 |
|
|
|a 94012074
|
| 020 |
|
|
|a 0070613974 (acidfree)
|
| 040 |
|
|
|a DLC
|c DLC
|d DLC
|d BD-DhAAL
|
| 050 |
0 |
0 |
|a TD883
|b .D42 1995
|
| 082 |
0 |
0 |
|a 628.5/3
|2 20
|
| 100 |
1 |
|
|a De Nevers, Noel,
|d 1932-
|9 11968
|
| 245 |
1 |
0 |
|a Air pollution control engineering /
|c Noel de Nevers.
|
| 260 |
|
|
|a New York :
|b McGraw-Hill,
|c c1995.
|
| 300 |
|
|
|a xxi, 506 p. :
|b ill. ;
|c 24 cm.
|
| 440 |
|
0 |
|a McGraw-Hill chemical engineering series
|9 11969
|
| 490 |
|
|
|a McGraw-Hill series in water resources and environmental engineering
|
| 504 |
|
|
|a Includes bibliographical references and index.
|
| 541 |
|
|
|e 3767
|
| 650 |
|
0 |
|a Air
|x Pollution.
|9 11970
|
| 650 |
|
0 |
|a Air
|x Purification
|x Equipment and supplies.
|9 9316
|
| 942 |
|
|
|2 ddc
|c BK
|
| 999 |
|
|
|c 34698
|d 34698
|
| 952 |
|
|
|0 0
|1 0
|2 ddc
|4 0
|6 628_530000000000000_DEN
|7 0
|9 54266
|a SCL
|b SCL
|c GEN
|d 2015-06-14
|e Gift: The Asia Foundation
|l 0
|o 628.53 DEN
|p 3020003767
|r 2015-06-14
|t 1
|w 2015-06-14
|y BK
|